East European change and shipping policy

Αποθηκεύτηκε σε:
Λεπτομέρειες βιβλιογραφικής εγγραφής
Κύριος συγγραφέας: Ledger, Gillian
Άλλοι συγγραφείς: Roe, Michael, 1954-
Μορφή: Βιβλίο
Γλώσσα:English
Δημοσίευση: Aldershot : Brookfield : Avebury, c1996
Σειρά:Plymouth studies in contemporary shipping
Θέματα:
Ετικέτες: Προσθήκη ετικέτας
Δεν υπάρχουν, Καταχωρήστε ετικέτα πρώτοι!

MARC

LEADER 00000cam a2200000 i 4500
001 1/8204
008 000626s1996 eng d
020 |a 1-85972-384-5 
035 |l 10062587 
040 |a GR-MY-UA  |b gre  |e aacr 
041 0 |a eng 
082 0 |a 387.00947 
100 1 |a Ledger, Gillian. 
245 1 0 |a East European change and shipping policy /  |c Gillian Ledger and Michael Roe 
260 |a Aldershot :   |a Brookfield :   |b Avebury,   |c c1996 
300 |a vii, 234 p.;  |b ill.;  |c 22 cm. 
490 1 |a Plymouth studies in contemporary shipping 
504 |a Includes bibliographical references 
650 0 0 |a Shipping  |z Europe, Eastern. 
651 0 |a Europe, Eastern  |x Economic conditions  |y 1989- 
700 1 |a Roe, Michael,   |d 1954- 
830 0 |a Plymouth studies in contemporary shipping 
852 |a INST  |b CHIOS  |e 20000626  |h 387.00947 LED  |p 005200018228  |q 005200018228  |t BK  |y 0 
901 |a BIBL2-2000-2 
909 |a Χ  |b 075615 
970 |z 2000/06/ΜΠΡΑΤΤΗΣ